000 00281nam a22001097a 4500
008 230621b xxu||||| |||| 00| 0 eng d
082 _a327.17
_bSAN 1982
245 _aPoliticians for Peace
260 _aUSA
_bParliamentarians for World Order
_c1982
300 _a20p
942 _2ddc
_cBK
999 _c1999
_d1999